Library Banner

Tatoor ul fikar ul falsafi fi Iran/ (Record no. 96749)

MARC details
000 -LEADER
fixed length control field 00405nam a22001457a 4500
005 - DATE AND TIME OF LATEST TRANSACTION
control field 20170809092951.0
008 - FIXED-LENGTH DATA ELEMENTS--GENERAL INFORMATION
fixed length control field 170809b xxu||||| |||| 00| 0 eng d
040 ## - CATALOGING SOURCE
Transcribing agency PK-LaUMT
082 ## - DEWEY DECIMAL CLASSIFICATION NUMBER
Classification number ZIAC 297.010955
Item number IQB-T
100 ## - MAIN ENTRY--PERSONAL NAME
Personal name Iqbal , Muhammad
245 ## - TITLE STATEMENT
Title Tatoor ul fikar ul falsafi fi Iran/
Statement of responsibility, etc Muhammad Iqbal
260 ## - PUBLICATION, DISTRIBUTION, ETC. (IMPRINT)
Place of publication, distribution, etc ایران:
Name of publisher, distributor, etc الدار الفنیۃ،
Date of publication, distribution, etc 1989
300 ## - PHYSICAL DESCRIPTION
Extent 162 ص
942 ## - ADDED ENTRY ELEMENTS (KOHA)
Koha item type Books
Holdings
Withdrawn status Lost status Damaged status Home library Current library Date acquired Full call number Barcode Date last seen Price effective from Koha item type
      UMT Main Campus UMT Main Campus 2017-08-09 ZIAC 297.010955 IQB-T 112404 2017-08-09 2017-08-09 Books